Top 20 Marcatori UEFA Champions League - Statistics

Statistiche generali
  • Questo quiz è stato fatto 356 volte
    261 dall'ultimo reset
  • Il punteggio medio è 17 su 20
Statistiche sulle risposte
Gol Nazione Stagioni in gol Gol per squadra Calciatore % Corretto
141 Portogallo 2005-2022 Manchester United 22, Real Madrid 105, Juventus 14 Cristiano Ronaldo
100%
129 Argentina 2005-2023 Barcellona 129 Lionel Messi
100%
90 Francia 2005-2023 Olympique Lione 12, Real Madrid 78 Karim Benzema
97%
105 Polonia 2011- Borussia Dortmund 17, Bayern Monaco 69, Barcellona 19 Robert Lewandowski
95%
55 Francia 2016- Monaco 6, Paris Saint-Germain 40, Real Madrid 7 Kylian Mbappé
93%
44 Italia 1995-1998, 2001-2006, 2008-2009 Juventus 44 Alessandro Del Piero
92%
49 Norvegia 2019– Salisburgo 8, Borussia Dortmund 15, Manchester City 26 Erling Haaland
91%
49 Svezia 2002-2004, 2005-2006, 2007-2016; 2021-2022 Ajax 7, Juventus 3, Inter 6, Barcellona 4, Milan 9, Paris Saint-Germain 20, Zlatan Ibrahimovic
91%
51 Egitto 2013-2014, 2015-2016, 2017- Basilea 5, Roma 1, Liverpool 45 Mohamed Salah
90%
43 Brasile 2013-2021, 2022-2023 Barcellona 21, Paris Saint-Germain 22 Neymar
90%
57 Germania 2008-2025 Bayern Monaco 57 Thomas Müller
89%
44 Costa d'Avorio 2003-2012, 2014-2015 Olympique Marsiglia 5, Chelsea 36, Galatasaray 3 Didier Drogba
86%
71 Spagna 1995–1996, 1997-2011 Real Madrid 66, Schalke 04 5 Raúl González Blanco
84%
50 Italia 1997-1999, 2000-2001, 2002-2008, 2009-2011 Juventus 17, Milan 33 Filippo Inzaghi
82%
47 Argentina 2008-2010, 2011-2021 Atlético Madrid 8, Manchester City 39 Sergio Aguero
81%
51 Francia 1997-1998, 1999-2009 Monaco 7, Arsenal 35, Barcellona 9 Thierry Henry
81%
49 Argentina/Spagna 1955-1960, 1961-1964 Real Madrid 49 Alfredo Di Stefano
80%
47 Portogallo 1961-1966, 1967-1974 Benfica 47 Eusebio
79%
60 Olanda 1998–2000, 2001-2009 PSV 9, Manchester United 38, Real Madrid 13 Ruud van Nistelrooij
69%
59 Ucraina 1994-1996, 1997-2001, 2002-2008, 2009-2011 Dinamo Kiev 21, Milan 34, Chelsea 4 Andrij Shevchenko
66%
Nessun quiz corrispondente trovato
Distribuzione punteggi
Percentuale di utenti per punteggio
Percentile per numero di risposta
I tuoi punteggi nel tempo
Non hai fatto questo quiz dall'ultimo reset